[Event "BAN-chT Walton (Women)"]
[Site "Dhaka"]
[Date "2023.03.27"]
[Round "6"]
[White "Chowdhury Afroza, Hoque"]
[Black "Zowena, Mehbish"]
[Result "1-0"]
[WhiteElo "1372"]
[BlackElo "1121"]
[PlyCount "71"]
[EventDate "2023.03.22"]
[EventType "team-tourn"]
[EventRounds "7"]
[EventCountry "BAN"]
[SourceTitle "CBM 213 Extra"]
[Source "ChessBase"]
[SourceDate "2023.05.31"]
[SourceVersion "1"]
[SourceVersionDate "2023.05.31"]
[SourceQuality "1"]
[WhiteTeam "Basir Memorial CC (W)"]
[BlackTeam "Sheikh Russel (W)"]
[WhiteTeamCountry "BAN"]
[BlackTeamCountry "BAN"]

1. d4 d5 2. c4 e6 3. Nc3 Nc6 4. Nf3 b6 5. e3 Nf6 6. cxd5 exd5 7. Bb5 Bd7 8. 0-0 a6 9. Ba4 b5 10. Bb3 Bg4 11. h3 Bh5 12. Re1 Bb4 13. g4 Bg6 14. Ne5 Nxe5 15. dxe5 Nd7 16. Bxd5 Rc8 17. e6 fxe6 18. Bxe6 Bd6 19. Nd5 Rb8 20. Bd2 c6 21. Nf4 Be4 22. f3 Bg6 23. Bc3 Ne5 24. Rc1 Bc7 25. Bxe5 Bxe5 26. Rxc6 a5 27. b3 Qe7 28. Qd5 Bc7 29. Rd1 Rd8 30. Rxc7 Qxc7 31. Qxb5+ Kf8 32. Qe2 Qb6 33. Kg2 Rxd1 34. Qxd1 Qxe3 35. Nxg6+ hxg6 36. Qd8# 1-0

[Event "BAN-chT Walton (Women)"]
[Site "Dhaka"]
[Date "2023.03.23"]
[Round "2"]
[White "Chowdhury Afroza, Hoque"]
[Black "Ahmed, Walijah"]
[Result "0-1"]
[WhiteElo "1372"]
[BlackElo "1920"]
[PlyCount "62"]
[EventDate "2023.03.22"]
[EventType "team-tourn"]
[EventRounds "7"]
[EventCountry "BAN"]
[SourceTitle "CBM 213 Extra"]
[Source "ChessBase"]
[SourceDate "2023.05.31"]
[SourceVersion "1"]
[SourceVersionDate "2023.05.31"]
[SourceQuality "1"]
[WhiteTeam "Basir Memorial CC (W)"]
[BlackTeam "Bangladesh Navy (W)"]
[WhiteTeamCountry "BAN"]
[BlackTeamCountry "BAN"]

1. d4 d5 2. c4 c6 3. Nc3 Nf6 4. Nf3 e6 5. Bg5 Nbd7 6. e3 Qa5 7. c5 Ne4 8. Qc2 Nxg5 9. Nxg5 Be7 10. Nf3 Bf6 11. Be2 e5 12. 0-0 0-0 13. a3 Re8 14. Rfe1 exd4 15. exd4 Nf8 16. Bf1 Bg4 17. Ne2 Bxf3 18. b4 Qc7 19. gxf3 Ne6 20. Qd2 Re7 21. f4 Rae8 22. Rad1 g6 23. Bh3 Nxf4 24. Bf1 Nxe2+ 25. Bxe2 Bxd4 26. Qc2 Bxf2+ 27. Kxf2 Qxh2+ 28. Kf1 Re4 29. Qd3 Re3 30. Qd4 R8e4 31. Qb2 Rf4+ 0-1

[Event "Dhaka rapid (Women) op"]
[Site "Dhaka"]
[Date "2021.03.08"]
[Round "7"]
[White "Chowdhury Afroza, Hoque"]
[Black "Chowdhury Afroza, Hoque"]
[Result "0-1"]
[WhiteElo "1435"]
[BlackElo "1435"]
[PlyCount "60"]
[EventDate "2021.03.08"]
[EventType "swiss (rapid)"]
[EventRounds "7"]
[EventCountry "BAN"]
[SourceTitle "CBM 201 Extra"]
[Source "ChessBase"]
[SourceDate "2021.05.31"]
[SourceVersion "1"]
[SourceVersionDate "2021.05.31"]
[SourceQuality "1"]

1. e4 e5 2. Nf3 Nc6 3. Bc4 d6 4. c3 Bg4 5. d4 Nf6 6. Qd3 exd4 7. cxd4 Bxf3 8. Qxf3 Nxd4 9. Qd3 Nc6 10. Nc3 Ne5 11. Qe2 Be7 12. h3 0-0 13. 0-0 c6 14. f4 Nxc4 15. Qxc4 Qb6+ 16. Kh1 Rad8 17. e5 Nh5 18. Qe2 Ng3+ 19. Kh2 Nxe2 20. Nxe2 dxe5 21. fxe5 Qc7 22. Bf4 Qb6 23. Rf3 Qxb2 24. Raf1 Qxe2 25. Kg1 Bc5+ 26. Kh1 Qxa2 27. Bg5 Rd5 28. e6 Rxg5 29. R1f2 Qxe6 30. Rf1 Qe2 0-1

[Event "Dhaka rapid (Women) op"]
[Site "Dhaka"]
[Date "2021.03.08"]
[Round "6"]
[White "Chowdhury Afroza, Hoque"]
[Black "Shoptorshi, Rahman"]
[Result "1-0"]
[WhiteElo "1435"]
[BlackElo "1276"]
[PlyCount "83"]
[EventDate "2021.03.08"]
[EventType "swiss (rapid)"]
[EventRounds "7"]
[EventCountry "BAN"]
[SourceTitle "CBM 201 Extra"]
[Source "ChessBase"]
[SourceDate "2021.05.31"]
[SourceVersion "1"]
[SourceVersionDate "2021.05.31"]
[SourceQuality "1"]

1. d4 d5 2. c4 Nf6 3. Bg5 e6 4. e3 Be7 5. Bxf6 Bxf6 6. Nc3 Nc6 7. cxd5 exd5 8. Bb5 Qd6 9. Nf3 0-0 10. Bxc6 Qxc6 11. Qb3 Be6 12. 0-0 b6 13. Rac1 Qd7 14. Nb5 c6 15. Nc3 Bf5 16. Qa4 Qd6 17. Ne2 Bd7 18. Qc2 Bd8 19. Ne5 Bc7 20. g3 Bh3 21. Rfe1 Qf6 22. Nf4 Bxe5 23. dxe5 Qxe5 24. Nxh3 c5 25. f4 Qh5 26. Qg2 f5 27. Qxd5+ Kh8 28. Ng5 Rac8 29. Ne6 Rfe8 30. Rcd1 h6 31. Qe5 Qf7 32. Rd6 Qf6 33. Qxf6 gxf6 34. e4 fxe4 35. Rxe4 Kh7 36. f5 h5 37. Rd7+ Kh6 38. Rh4 a5 39. Nf4 Kg5 40. Kg2 Rcd8 41. Rxh5+ Kg4 42. Rg7# 1-0

[Event "Dhaka rapid (Women) op"]
[Site "Dhaka"]
[Date "2021.03.08"]
[Round "6"]
[White "Kazi Zarin, Tasnim"]
[Black "Chowdhury Afroza, Hoque"]
[Result "1-0"]
[WhiteElo "1532"]
[BlackElo "1435"]
[PlyCount "57"]
[EventDate "2021.03.08"]
[EventType "swiss (rapid)"]
[EventRounds "7"]
[EventCountry "BAN"]
[SourceTitle "CBM 201 Extra"]
[Source "ChessBase"]
[SourceDate "2021.05.31"]
[SourceVersion "1"]
[SourceVersionDate "2021.05.31"]
[SourceQuality "1"]

1. e4 e5 2. Nf3 Nc6 3. Bc4 Bc5 4. c3 d6 5. d4 Nf6 6. dxc5 dxc5 7. Qxd8+ Nxd8 8. Bd3 Nc6 9. 0-0 0-0 10. Be3 Rd8 11. Bc2 Bg4 12. Nbd2 Bxf3 13. Nxf3 Nxe4 14. Bxe4 h6 15. Bxc6 bxc6 16. Nxe5 Rd6 17. Rad1 Re6 18. Nc4 Re4 19. b3 Rae8 20. Rfe1 f5 21. Kf1 f4 22. Bxf4 g5 23. Bxc7 Kf7 24. Nd6+ Kg6 25. Nxe8 Rh4 26. Rd6+ Kh5 27. f3 Rxh2 28. Ng7+ Kh4 29. Rxh6# 1-0

[Event "Asia zt 3.2 (Women)"]
[Site "Dhaka"]
[Date "2019.03.23"]
[Round "9"]
[White "Chowdhury Afroza, Hoque"]
[Black "Aeon, Sarker"]
[Result "0-1"]
[WhiteElo "1409"]
[BlackElo "1666"]
[PlyCount "146"]
[EventDate "2019.03.15"]
[EventType "swiss"]
[EventRounds "9"]
[EventCountry "BAN"]
[SourceTitle "CBM 189 Extra"]
[Source "ChessBase"]
[SourceDate "2019.06.03"]
[SourceVersion "1"]
[SourceVersionDate "2019.06.03"]
[SourceQuality "1"]

1. d4 d5 2. c4 c6 3. Nc3 Nf6 4. Bg5 Bf5 5. Nf3 dxc4 6. a4 Nbd7 7. Bxf6 Nxf6 8. e3 e6 9. Bxc4 Bb4 10. Qb3 a5 11. 0-0 Rb8 12. Ne5 0-0 13. Rad1 h6 14. f3 Qc7 15. e4 Bh7 16. Nd3 Be7 17. Nc5 Bxc5 18. dxc5 Qe7 19. Qb6 Ra8 20. e5 Nd7 21. Qxb7 Qxc5+ 22. Kh1 Nxe5 23. Ba2 Nd3 24. Rd2 Rfb8 25. Qc7 Rc8 26. Qg3 Nxb2 27. Ne4 Bxe4 28. fxe4 Nxa4 29. Rd7 Ra7 30. Rdxf7 Rxf7 31. Bxe6 Rcf8 32. Qb3 Kh7 33. Bxf7 Nb6 34. Qf3 Nd7 35. h3 Kh8 36. Qe2 Ne5 37. Ba2 Rxf1+ 38. Qxf1 a4 39. Qf5 a3 40. Qe6 Qc1+ 41. Kh2 Qf4+ 42. Kh1 Kh7 43. Qf5+ Qxf5 44. exf5 Nd3 45. Kg1 Nc1 46. Bb1 a2 47. Bxa2 Nxa2 48. Kf2 Kg8 49. Ke3 Kf7 50. Kd4 Kf6 51. g4 h5 52. Ke4 hxg4 53. hxg4 Kg5 54. Ke5 Kxg4 55. f6 gxf6+ 56. Kxf6 c5 57. Ke5 c4 58. Kd4 c3 59. Kd3 Kf3 60. Kc2 Ke2 61. Kb1 Kd2 62. Kxa2 c2 63. Kb2 c1Q+ 64. Kb3 Qc3+ 65. Ka4 Qb2 66. Ka5 Qb3 67. Ka6 Qb4 68. Ka7 Qb5 69. Ka8 Kc3 70. Ka7 Kc4 71. Ka8 Kc5 72. Ka7 Kc6 73. Ka8 Qb7# 0-1

[Event "Asia zt 3.2 (Women)"]
[Site "Dhaka"]
[Date "2019.03.22"]
[Round "8"]
[White "Chowdhury Afroza, Hoque"]
[Black "Wadifa, Ahmed"]
[Result "0-1"]
[WhiteElo "1409"]
[BlackElo "1335"]
[PlyCount "92"]
[EventDate "2019.03.15"]
[EventType "swiss"]
[EventRounds "9"]
[EventCountry "BAN"]
[SourceTitle "CBM 189 Extra"]
[Source "ChessBase"]
[SourceDate "2019.06.03"]
[SourceVersion "1"]
[SourceVersionDate "2019.06.03"]
[SourceQuality "1"]

1. d4 Nf6 2. c4 g6 3. Nc3 Bg7 4. Nf3 0-0 5. Bg5 d6 6. e3 h6 7. Bh4 Nbd7 8. Bd3 c5 9. 0-0 cxd4 10. exd4 Nb6 11. Qc2 Bd7 12. Rfe1 Rc8 13. Qb3 g5 14. Bg3 Nh5 15. Be4 Nxg3 16. hxg3 Nxc4 17. Bxb7 Rb8 18. Qxc4 Rxb7 19. b3 Be6 20. Qe2 g4 21. Nh2 Bxd4 22. Rac1 h5 23. Qe4 Bxc3 24. Rxc3 Rc7 25. Rec1 Rxc3 26. Rxc3 Qd7 27. f3 gxf3 28. Nxf3 Rc8 29. Ng5 Bf5 30. Qd5 e6 31. Rxc8+ Qxc8 32. Qxd6 Qc1+ 33. Kh2 Qxg5 34. Qb8+ Kh7 35. Qxa7 Qf6 36. Qe3 Qb2 37. Qa7 Kg6 38. Qa8 Kg7 39. Qa4 Bg4 40. Qa5 Bf5 41. Qa4 Qd2 42. Qh4 Bg4 43. Qe7 Bf3 44. Kh3 Qxg2+ 45. Kh4 Qh2+ 46. Kg5 Qxg3# 0-1